Time series models for business and economic forecasting
Saved in:
| Hovedforfatter: | |
|---|---|
| Format: | Bog |
| Sprog: | engelsk |
| Udgivet: |
Cambridge University Press
2014
|
| Tags: |
Tilføj Tag
Ingen Tags, Vær først til at tagge denne postø!
|
MARC
| LEADER | 00000nam a22000007a 4500 | ||
|---|---|---|---|
| 008 | 210621b ||||| |||| 00| 0 eng d | ||
| 020 | |a 9780521520911 | ||
| 100 | |a FRANSES, Philip Hans | ||
| 245 | |a Time series models for business and economic forecasting |c Philip Hans Franses, Dick Van Dijk and Anne Opschoor |g xii, 300p.;ill. | ||
| 250 | |b 2nd ed. | ||
| 260 | |b Cambridge University Press |c 2014 |h New York |i 696225 |i 696226 |l HA30.3.F85 |m Time-series analysis |m Econometrics |m Risk management | ||
| 500 | |a It includes bibliography and index | ||
| 942 | |a lcc |c BK |e Kuteyi, M. A. |f 21/06/2021 | ||
| 952 | |0 0 |1 0 |2 lcc |4 0 |6 HA00303 F85 |7 0 |9 2663 |a HOL |b HOL |c GJ |d 2021-06-21 |l 0 |o HA30.3.F85 |p 2021-6510 |r 2021-06-21 00:00:00 |w 2021-06-21 |y BK | ||
| 952 | |0 0 |1 0 |2 lcc |4 0 |6 HA00303 F85 |7 0 |9 2664 |a HOL |b SL |c GJ |d 2021-06-21 |l 0 |o HA30.3.F85 |p 2021-6511 |r 2021-06-21 00:00:00 |w 2021-06-21 |y BK | ||
| 999 | |c 1391 |d 1391 | ||